Biggest Cities in Egypt on a Map - Statistics

General Stats
  • This quiz has been taken 777 times
  • The average score is 10 of 25
Answers on the Map
Answers color-coded by a green-red scale on the quiz's map according to % correct below.
 
Answer Stats
Pop Cities % Correct
12,230 k Cairo
100%
5,046 k Alexandria
97%
4,028 k Giza
83%
687 k Luxor
83%
1,347 k Suez
82%
1,607 k Port Said
81%
281 k Aswan
69%
253 k Hurghada
40%
453 k Asyut
37%
330 k Damietta
36%
378 k Faiyum
35%
670 k Mansoura
34%
422 k Ismailia
30%
557 k Tanta
30%
230 k Qena
28%
201 k Sohag
22%
164 k Arish
21%
253 k Beni Suef
21%
273 k Minya
21%
3,072 k Shubra El Kheima
21%
838 k El Mahalla El Kubra
20%
334 k Zagazig
20%
272 k Damanhur
18%
165 k Banha
12%
186 k Shibin El Kom
11%
No matching quizzes found
Score Distribution
Percent of People with Each Score
Percentile by Number Answered
Your Score History
You have not taken this quiz